Statistics for United Kingdom Geography by Letter N - Picture Quiz

Click here to take the quiz!

General Stats

  • This quiz has been taken 329 times
    (236 since last reset)
  • The average score is 9 of 15

Answer Stats

Answer% Correct
{North} Sea
98%
Loch {Ness}
97%
Nottingham
94%
Newcastle upon Tyne
90%
Norfolk
80%
Norwich
70%
Notting Hill
63%
North Yorkshire
61%
Newquay
58%
The {Needles}
52%
Northampton
49%
Lough {Neagh}
37%
{North} {Coast} 500
18%
{Newport} Transporter Bridge
17%
{Nonsuch} Island
2%

Score Distribution

Percentile by Number Answered

Percent of People with Each Score

Your Score History

You have not taken this quiz since the last reset